Catàleg del Col·legi de Periodistes de Catalunya

Cómo leer la prensa escrita (Registre núm. 639)

000 -CABECERA
Longitud fija campo de control 00680nam a2200205 a 4500
001 - NÚMERO DE CONTROL
Número de control 639
003 - IDENTIFICADOR DEL NÚMERO DE CONTROL
Identificador del número de control CDMR
005 - FECHA Y HORA DE LA ÚLTIMA TRANSACCIÓN
Fecha y hora de la última transacción 20131126104251.0
008 - CÓDIGOS DE INFORMACIÓN DE LONGITUD FIJA
Códigos de información de longitud fija 130130s1982||||||||||||||||||||||||||||d
020 ## - NÚMERO INTERNACIONAL NORMALIZADO PARA LIBROS
Número Internacional Normalizado para Libros (ISBN) 8433101676
040 ## - FUENTE DE LA CATALOGACIÓN
Centro catalogador de origen CDMR
Lengua de catalogación cat
Centro transcriptor CDMR
100 1# - PUNTO DE ACCESO PRINCIPAL-NOMBRE DE PERSONA
Nombre de persona Rotger Amengual, Bartolomé
9 (RLIN) 483
245 10 - MENCIÓN DE TÍTULO
Título Cómo leer la prensa escrita
Resto del título : didáctica y fichas prácticas para EGB, Bachillerato y FP
Mención de responsabilidad, etc. Bartolomé Rotger Amengual, Joana Mª Roque Company
260 ## - PUBLICACIÓN, DISTRIBUCIÓN, ETC. (PIE DE IMPRENTA)
Lugar de publicación, distribución, etc. Madrid
Fecha de publicación, distribución, etc. 1982
Nombre del editor, distribuidor, etc. Escuela Española
300 ## - DESCRIPCIÓN FÍSICA
Extensión 155 p.
650 04 - PUNTO DE ACCESO ADICIONAL DE MATERIA - TÉRMINO DE MATERIA
9 (RLIN) 2266
Término de materia o nombre geográfico como elemento inicial Periodisme
Subdivisión de materia general Ensenyament
Subdivisión geográfica Espanya
650 04 - PUNTO DE ACCESO ADICIONAL DE MATERIA - TÉRMINO DE MATERIA
9 (RLIN) 4374
Término de materia o nombre geográfico como elemento inicial Periodisme
Subdivisión de materia general Manuals, guies, etc
650 04 - PUNTO DE ACCESO ADICIONAL DE MATERIA - TÉRMINO DE MATERIA
9 (RLIN) 4387
Término de materia o nombre geográfico como elemento inicial Premsa i educació
942 ## - ENTRADA DE ELEMENTOS AGREGADOS (KOHA)
Koha [por defecto] tipo de item Monografies
Fuente de clasificaión o esquema
Fons
Suprimido Perdido Estropeado No para préstamo Localización permanente Localización actual Fecha adquisición Préstamos totales Renovaciones totales Signatura completa Código de barras Fecha última consulta Fecha último préstamo Fecha del precio de reemplazo Tipo de item de Koha
        Centre de Documentació Montserrat Roig Centre de Documentació Montserrat Roig 2013-01-16 1 1 Da 6/1 CDMR13110102 2016-06-02 2016-05-09 2013-01-16 Monografies

Implantat amb Koha